| 000 | 00609nam a2200205Ia 4500 | ||
|---|---|---|---|
| 003 | GCL | ||
| 008 | 140319s9999 xx 000 0 ara d | ||
| 040 |
_aGCL / _cGCL |
||
| 082 | 0 | 4 |
_aد _b050 _bا ا |
| 100 | 1 | _aابراهيم عبدالقيوم | |
| 245 | 1 | 0 |
_aالاتحادى الدولية / _cابراهيم عبدالقيوم |
| 260 |
_a[S.N] : _bصحيفة الاتحادي الدولية |
||
| 300 | _a8 | ||
| 490 |
_aالجغرافيا الاسلامية _v0 |
||
| 650 | 0 | 4 | _aالاقتصاد |
| 650 | 0 | 4 | _aالادب |
| 650 | 0 | 4 | _aالسياسة |
| 650 | 0 | 4 | _aالرياضة |
| 942 |
_2ddc _cCF |
||
| 999 |
_c27001 _d27001 |
||